[Event "Hastings 8283"]
[Site "Hastings"]
[Date "1982.??.??"]
[Round "?"]
[White "Hebden, Mark"]
[Black "Littlewood, Paul E"]
[Result "1/2-1/2"]
[WhiteElo "2415"]
[BlackElo "2465"]
[PlyCount "91"]
[EventDate "1982.12.??"]
[Source "ChessBase"]

1. e4 e5 2. f4 exf4 3. Nf3 g5 4. h4 g4 5. Ne5 Nf6 6. Nxg4 Nxe4 7. d3 Ng3 8. Bxf4 Nxh1 9. Qe2+ Qe7 10. Nf6+ Kd8 11. Bxc7+ Kxc7 12. Nd5+ Kd8 13. Nxe7 Bxe7 14. Qg4 d6 15. Qf4 Rg8 16. Nc3 Be6 17. Be2 Ng3 18. Bf3 Nd7 19. O-O-O Nf5 20. Qa4 Bxh4 21. Bxb7 Rb8 22. Bc6 Bg5+ 23. Kb1 Ne7 24. Qa5+ Nb6 25. Bf3 Nec8 26. Nb5 Bf6 27. d4 Rg5 28. b3 Ke7 29. Bc6 Kf8 30. Qa6 Ne7 31. Bf3 Nbc8 32. Nxa7 Nxa7 33. Qxa7 Rgb5 34. c3 d5 35. Be2 R5b7 36. Qa5 Nc8 37. Qa3+ Kg7 38. Bd3 Ra7 39. Qc1 Rba8 40. Rh1 Kf8 41. a4 Rb7 42. Qf4 Bg7 43. Rxh7 Rxb3+ 44. Kc2 Rb7 45. Rxg7 Kxg7 46. Qg5+ 1/2-1/2

[Event "Corr"]
[Site "?"]
[Date "1998.??.??"]
[Round "?"]
[White "Acedo Hector Oscar"]
[Black "Cipolli Antonio Carlos Rodr"]
[Result "0-1"]
[WhiteElo "2366"]
[BlackElo "2506"]
[PlyCount "60"]
[EventDate "1998.??.??"]
[Source "www.chesslib.no"]
[SourceDate "2004.05.04"]

1. e4 e5 2. f4 exf4 3. Nf3 g5 4. h4 g4 5. Ne5 Nf6 6. Bc4 d5 7. exd5 Bd6 8. O-O Bxe5 9. Re1 Qe7 10. c3 Nh5 11. d4 Nd7 12. dxe5 Nxe5 13. Qe2 f6 14. b3 Qc5+ 15. Kh2 f3 16. gxf3 Kd8 17. Ba3 Qb6 18. Nd2 gxf3 19. Be7+ Ke8 20. Nxf3 Ng4+ 21. Kg2 Nf4+ 22. Kg3 Nxe2+ 23. Rxe2 Ne3 24. Ba3 Rg8+ 25. Kh2 Kd8 26. Rae1 Ng4+ 27. Kh1 Nf2+ 28. Kh2 Bh3 29. Be7+ Kd7 30. Rg1 Rxg1 0-1

[Event "Zug"]
[Site "Zug"]
[Date "1991.??.??"]
[Round "10"]
[White "Gallagher, Joseph G"]
[Black "Bachmayr, Peter"]
[Result "1-0"]
[WhiteElo "2520"]
[BlackElo "2345"]
[PlyCount "77"]
[EventDate "1991.??.??"]
[Source "www.chesslib.no"]
[SourceDate "2004.05.04"]

1. e4 e5 2. f4 exf4 3. Nf3 g5 4. h4 g4 5. Ne5 Nf6 6. d4 d6 7. Nd3 Nxe4 8. Qe2 Qe7 9. Bxf4 Nc6 10. c3 Bg7 11. Nd2 Bf5 12. O-O-O O-O-O 13. Nc4 h5 14. Re1 Rhe8 15. Qc2 Qd7 16. g3 Bxd4 17. cxd4 Nxd4 18. Qd1 Qc6 19. Nb4 Qc5 20. Be3 Qxb4 21. Bxd4 Nxg3 22. Rxe8 Rxe8 23. a3 Qe1 24. Rg1 Nxf1 25. Rxf1 Qe4 26. Ne3 Qb1+ 27. Kd2 Qd3+ 28. Ke1 c5 29. Qa4 Qe4 30. Rf4 Qe6 31. Kd2 cxd4 32. Qxd4 Be4 33. Qxa7 Bc6 34. Nc4 Qe1+ 35. Kc2 Qe6 36. Kc3 g3 37. Rxf7 Qe1+ 38. Kb3 Qe6 39. Qa8# 1-0

[Event "Staunton CC King´s Gambit theme"]
[Site "Groningen"]
[Date "2002.09.07"]
[Round "2"]
[White "Ligterink, Gert"]
[Black "Ernst, Sipke"]
[Result "1-0"]
[WhiteElo "2389"]
[BlackElo "2473"]
[PlyCount "73"]
[EventDate "2002.09.??"]
[Source "ChessBase"]
[SourceDate "2002.11.06"]

1. e4 e5 2. f4 exf4 3. Nf3 g5 4. h4 g4 5. Ne5 Nf6 6. d4 d6 7. Nd3 Nxe4 8. Bxf4 Bg7 9. c3 O-O 10. Nd2 Re8 11. Be2 Bf5 12. Nxe4 Bxe4 13. O-O Qxh4 14. Bxg4 Nc6 15. Nf2 Bg6 16. Qd2 h6 17. g3 Qe7 18. Bxh6 Bxh6 19. Qxh6 Qe3 20. Qxe3 Rxe3 21. Rae1 Rae8 22. Rxe3 Rxe3 23. Kg2 Na5 24. Bf3 Nc4 25. Ng4 Rd3 26. Rf2 Na5 27. Re2 Nc4 28. Bxb7 Rd1 29. Bd5 Nb6 30. Bb3 Rb1 31. Nf6+ Kf8 32. g4 c5 33. g5 Kg7 34. Ne8+ Kh7 35. Nxd6 cxd4 36. cxd4 Bd3 37. Rd2 1-0

[Event "Reggio mem Chicco"]
[Site "Reggio Emilia"]
[Date "1991.??.??"]
[Round "?"]
[White "Belotti, Bruno"]
[Black "Arlandi, Ennio"]
[Result "1/2-1/2"]
[WhiteElo "2460"]
[BlackElo "2400"]
[PlyCount "71"]
[EventDate "1991.01.??"]
[Source "ChessBase"]

1. e4 e5 2. f4 exf4 3. Nf3 g5 4. h4 g4 5. Ne5 Nf6 6. d4 d6 7. Nd3 Nxe4 8. Bxf4 Bg7 9. c3 O-O 10. Nd2 Re8 11. Nxe4 Rxe4+ 12. Kf2 c5 13. dxc5 dxc5 14. g3 Qb6 15. Bg2 c4+ 16. Kf1 Re8 17. Nb4 Bf5 18. Qd5 Qf6 19. Qxc4 Nd7 20. Re1 Rxe1+ 21. Kxe1 Re8+ 22. Kd1 Nb6 23. Qb5 Rd8+ 24. Kc1 a6 25. Qe2 a5 26. Nc2 Bd3 27. Qxg4 Nc4 28. Re1 Qb6 29. b3 Qf2 30. Qd1 Bxc3 31. bxc4 Bxe1 32. Nxe1 Qxa2 33. Nxd3 Qa1+ 34. Kc2 Qa2+ 35. Kc1 Qa1+ 36. Kc2 1/2-1/2

[Event "8. Itau Cup"]
[Site "?"]
[Date "2004.10.01"]
[Round "8"]
[White "Fier Alexandre Santos"]
[Black "Milos Gilberto"]
[Result "1/2-1/2"]
[WhiteElo "2258"]
[BlackElo "2601"]
[PlyCount "30"]
[EventDate "2004.??.??"]
[Source "www.chesslib.no"]
[SourceDate "2004.05.04"]

1. e4 e5 2. f4 exf4 3. Nf3 g5 4. h4 g4 5. Ne5 Nf6 6. d4 d6 7. Nd3 Nc6 8. Nc3 Nxd4 9. Nxf4 Nc6 10. Be3 Ne5 11. Qd2 Be6 12. O-O-O Qd7 13. Be2 a6 14. Rhf1 Bg7 15. Nfd5 Bxd5 1/2-1/2

[Event "olm12 corr9198"]
[Site "?"]
[Date "1991.??.??"]
[Round "?"]
[White "Rufenacht, Matthias"]
[Black "Bendana Guerrero, Guy Jose"]
[Result "1-0"]
[WhiteElo "2515"]
[BlackElo "2335"]
[PlyCount "77"]
[EventDate "1991.??.??"]
[Source "www.chesslib.no"]
[SourceDate "2004.05.04"]

1. e4 e5 2. f4 exf4 3. Nf3 g5 4. h4 g4 5. Ne5 Nf6 6. d4 d6 7. Nd3 Nxe4 8. Bxf4 Bg7 9. c3 O-O 10. Nd2 f5 11. g3 Re8 12. Be2 Nd7 13. Nxe4 fxe4 14. Bg5 Bf6 15. Qb3+ Kh8 16. Nf4 Nb6 17. O-O-O Bf5 18. Rdf1 Rf8 19. Bh6 Bg7 20. Bxg7+ Kxg7 21. Ne6+ Bxe6 22. Qxe6 Qe8 23. Qxg4+ Qg6 24. Qxg6+ hxg6 25. c4 c6 26. Kd2 d5 27. c5 Nd7 28. b4 Nf6 29. g4 b6 30. Rh3 a5 31. g5 Nd7 32. b5 cxb5 33. c6 Rxf1 34. Bxf1 Nf8 35. c7 Rc8 36. Rc3 Ne6 37. Bh3 b4 38. Rc2 e3+ 39. Kd1 1-0

[Event "LADAC"]
[Site "?"]
[Date "1999.11.01"]
[Round "?"]
[White "Fraser Fred J.L.(ENG)"]
[Black "Cena Aldo Omar (ARG)"]
[Result "1-0"]
[WhiteElo "2420"]
[BlackElo "2430"]
[PlyCount "67"]
[EventDate "1999.??.??"]
[Source "www.chesslib.no"]
[SourceDate "2004.05.04"]

1. e4 e5 2. f4 exf4 3. Nf3 g5 4. h4 g4 5. Ne5 Nf6 6. d4 d6 7. Nd3 Nxe4 8. Bxf4 Bg7 9. c3 O-O 10. Nd2 Re8 11. Nxe4 Rxe4+ 12. Be2 Qe8 13. Qd2 Bd7 14. Nf2 Re7 15. Nd3 Bc6 16. Kf2 Qd7 17. Rae1 Na6 18. Kg3 f5 19. Bg5 Rf7 20. Nf2 h6 21. Bf4 Re8 22. d5 Rxe2 23. dxc6 Qxc6 24. Rxe2 Nc5 25. Rhe1 Nd7 26. Re8+ Kh7 27. Nxg4 Ne5 28. R8xe5 dxe5 29. Nxe5 Bxe5 30. Rxe5 Qf6 31. Qe3 Rg7+ 32. Kh3 Qc6 33. Qe2 Qa4 34. b4 1-0

[Event "Belgium"]
[Site "?"]
[Date "2003.01.26"]
[Round "7"]
[White "Gommers Ralf"]
[Black "Winants Luc"]
[Result "1/2-1/2"]
[WhiteElo "2340"]
[BlackElo "2507"]
[PlyCount "87"]
[EventDate "2003.??.??"]
[Source "www.chesslib.no"]
[SourceDate "2004.05.04"]

1. e4 e5 2. f4 exf4 3. Nf3 g5 4. h4 g4 5. Ne5 Nf6 6. d4 d6 7. Nd3 Nxe4 8. Bxf4 Bg7 9. c3 Qe7 10. Be2 O-O 11. Nd2 Re8 12. Nxe4 Qxe4 13. Kf2 c5 14. Re1 Qg6 15. Bg5 Qf5+ 16. Nf4 g3+ 17. Kg1 Rxe2 18. Nxe2 Qf2+ 19. Kh1 Bg4 20. Qd3 Nc6 21. dxc5 h6 22. Bd2 dxc5 23. Qxg3 Qxg3 24. Nxg3 Rd8 25. Bf4 h5 26. Ne4 b6 27. Bg5 Rd5 28. Nf6+ Bxf6 29. Bxf6 Kh7 30. Re8 Rf5 31. Bg5 f6 32. Be3 Rd5 33. Rf1 Kg7 34. Bh6+ Kg6 35. Rf8 Bf5 36. Bf4 Rd7 37. Kg1 Ne7 38. c4 Kg7 39. Ra8 Be4 40. Rb8 Nf5 41. g3 Nd4 42. b3 Bd3 43. Ra1 Re7 44. Rd1 1/2-1/2

[Event "Staunton CC King´s Gambit theme"]
[Site "Groningen"]
[Date "2002.09.06"]
[Round "1"]
[White "Hoeksema, Hendrik Pieter"]
[Black "Ernst, Sipke"]
[Result "0-1"]
[WhiteElo "2366"]
[BlackElo "2473"]
[PlyCount "42"]
[EventDate "2002.09.??"]
[Source "ChessBase"]
[SourceDate "2002.11.06"]

1. e4 e5 2. f4 exf4 3. Nf3 g5 4. h4 g4 5. Ne5 Nf6 6. Bc4 d5 7. exd5 Bd6 8. d4 Nh5 9. O-O O-O 10. Nxg4 Qxh4 11. Nh2 Ng3 12. Rf2 Re8 13. Nc3 a6 14. Bd2 Nd7 15. Qc1 Nf6 16. Rxf4 Bxf4 17. Bxf4 Ngh5 18. Be3 Rxe3 19. Qxe3 Qxh2+ 20. Kxh2 Ng4+ 21. Kg1 Nxe3 0-1

[Event "Salamanca"]
[Site "Salamanca"]
[Date "1990.??.??"]
[Round "1"]
[White "De la Villa Garcia, Jesus Maria"]
[Black "Izeta Txabarri, Felix"]
[Result "1-0"]
[WhiteElo "2450"]
[BlackElo "2380"]
[PlyCount "83"]
[EventDate "1990.02.??"]
[Source "ChessBase"]

1. e4 e5 2. f4 exf4 3. Nf3 g5 4. h4 g4 5. Ne5 Nf6 6. Bc4 d5 7. exd5 Bd6 8. d4 Nh5 9. O-O Qxh4 10. Qe1 Qxe1 11. Rxe1 O-O 12. Nc3 Bf5 13. Ne4 Nd7 14. Nxd6 cxd6 15. Bd3 Bxd3 16. Nxd3 Rfe8 17. Bxf4 Nxf4 18. Nxf4 Kg7 19. c4 Rac8 20. b3 Kh6 21. a4 Kg5 22. Ne2 Re3 23. Rab1 Rce8 24. Kf1 f5 25. Nc3 a6 26. Rbc1 h5 27. a5 f4 28. b4 f3 29. Rxe3 Rxe3 30. c5 dxc5 31. dxc5 fxg2+ 32. Kxg2 Nf6 33. c6 bxc6 34. dxc6 Ne8 35. Nd5 Re2+ 36. Kf1 Rd2 37. Rc5 Kh4 38. Nf6 Rd4 39. Nxe8 g3 40. c7 Rd1+ 41. Kg2 Rd2+ 42. Kf3 1-0

[Event "DEN Ch"]
[Site "Copenhagen DEN"]
[Date "1977.??.??"]
[Round "7"]
[White "Jakobsen, Ole"]
[Black "Brinck-Claussen, Bjorn"]
[Result "0-1"]
[WhiteElo "2420"]
[BlackElo "2380"]
[PlyCount "80"]
[EventDate "1977.??.??"]
[Source "www.chesslib.no"]
[SourceDate "2004.05.04"]

1. e4 e5 2. f4 exf4 3. Nf3 g5 4. h4 g4 5. Ne5 Nf6 6. d4 d6 7. Nd3 Nxe4 8. Bxf4 Bg7 9. c3 Qe7 10. Qe2 Bf5 11. Nd2 Nxd2 12. Qxe7+ Kxe7 13. Kxd2 Nd7 14. Re1+ Kf8 15. g3 Nb6 16. Bg2 Nc4+ 17. Kc2 Nxb2 18. Kxb2 Bxd3 19. Re3 Bc4 20. Ka3 h5 21. Rhe1 Bf6 22. Bxb7 Rb8 23. Bc6 Kg7 24. Ba4 Rb6 25. Re8 Rxe8 26. Rxe8 c5 27. dxc5 dxc5 28. Bb3 Be6 29. Bxe6 fxe6 30. Ra8 Bxc3 31. Rxa7+ Kg6 32. Rc7 Bd4 33. Rc8 Rb4 34. Bc1 e5 35. Rg8+ Kf7 36. Rh8 e4 37. Rxh5 e3 38. Rf5+ Ke6 39. Rf1 Kd5 40. Re1 Ke4 0-1

[Event "World op 40'"]
[Site "Philadelphia"]
[Date "1996.??.??"]
[Round "?"]
[White "Casella, Michael"]
[Black "Sherzer, Alex"]
[Result "0-1"]
[WhiteElo "2290"]
[BlackElo "2500"]
[PlyCount "48"]
[EventDate "1996.??.??"]
[Source "www.chesslib.no"]
[SourceDate "2004.05.04"]

1. e4 e5 2. f4 exf4 3. Nf3 g5 4. h4 g4 5. Ne5 Nf6 6. d4 d6 7. Nd3 Nxe4 8. Bxf4 Bg7 9. c3 O-O 10. Be2 Re8 11. Nd2 Nc6 12. Nxe4 Rxe4 13. Kf2 h5 14. Qd2 Bf5 15. Rae1 Qf6 16. Bg5 Qg6 17. Nf4 Qh7 18. Bd3 Rxe1 19. Rxe1 f6 20. Bc4+ Kh8 21. Ne6 Bxe6 22. Bxe6 fxg5 23. Qxg5 Rf8+ 24. Kg1 Qh6 0-1

[Event "Brasil (ch)"]
[Site "?"]
[Date "1995.??.??"]
[Round "?"]
[White "Matsuura, E."]
[Black "van Riemsdijk, H."]
[Result "0-1"]
[WhiteElo "2415"]
[BlackElo "2370"]
[PlyCount "42"]
[EventDate "1995.??.??"]
[Source "ChessBase"]
[SourceDate "1995.06.01"]

1. e4 e5 2. f4 exf4 3. Nf3 g5 4. h4 g4 5. Ne5 Nf6 6. d4 d6 7. Nd3 Nxe4 8. Bxf4 Bg7 9. c3 O-O 10. Nd2 Re8 11. Nxe4 Rxe4+ 12. Kf2 c5 13. dxc5 dxc5 14. g3 Qb6 15. Bg2 c4+ 16. Kf1 Re8 17. Nb4 Na6 18. Nxa6 Bf5 19. Nb4 Rad8 20. Nd5 Rxd5 21. Bxd5 Bd3+ 0-1

[Event "Oberliga Nord W 0102"]
[Site "?"]
[Date "2002.02.24"]
[Round "6.1"]
[White "Nimtz Manfred"]
[Black "Levin Felix"]
[Result "0-1"]
[WhiteElo "2227"]
[BlackElo "2541"]
[PlyCount "42"]
[EventDate "2002.??.??"]
[Source "www.chesslib.no"]
[SourceDate "2004.05.04"]

1. e4 e5 2. f4 exf4 3. Nf3 g5 4. h4 g4 5. Ne5 Nf6 6. d4 d6 7. Nd3 Nxe4 8. Bxf4 Bg7 9. c3 O-O 10. Nd2 Re8 11. Nxe4 Rxe4+ 12. Be2 g3 13. Qd2 Bg4 14. Nc1 Qf6 15. Rf1 Nc6 16. Bxg3 Qg6 17. Bf4 Rae8 18. Rf2 Nxd4 19. cxd4 Bxd4 20. Kf1 Bxf2 21. Bxg4 Qxg4 0-1

[Event "Marbella zt-B"]
[Site "Marbella"]
[Date "1982.??.??"]
[Round "11"]
[White "Hebden, Mark"]
[Black "Sanz Alonso, Francisco Javier"]
[Result "1-0"]
[WhiteElo "2400"]
[BlackElo "2355"]
[PlyCount "83"]
[EventDate "1982.02.??"]
[Source "ChessBase"]

1. e4 e5 2. f4 exf4 3. Nf3 g5 4. h4 g4 5. Ne5 Nf6 6. Nxg4 Nxe4 7. d3 Ng3 8. Bxf4 Qe7+ 9. Be2 Qxe2+ 10. Qxe2+ Nxe2 11. Kxe2 d6 12. Kf3 Bg7 13. Nc3 h5 14. Ne3 Be6 15. Rhf1 Nc6 16. Ke2 O-O-O 17. Bg5 Rde8 18. Kd2 Rhf8 19. Rab1 f6 20. Bf4 Ne5 21. Ne2 Ng6 22. g3 Rg8 23. Rf2 Re7 24. Nd4 Nxf4 25. gxf4 Bf8 26. Nef5 Bxf5 27. Nxf5 Re8 28. Rh1 Kd7 29. Rh3 d5 30. Rg3 Bc5 31. Rfg2 Rxg3 32. Rxg3 Bf2 33. Rg2 Bb6 34. Ng7 Rh8 35. Ke2 c5 36. Kf3 Bd8 37. f5 Bc7 38. Ne6 Ba5 39. Nxc5+ Kc6 40. Ne6 Be1 41. Nf4 Rh7 42. Ng6 1-0

[Event "Melbourne Masters"]
[Site "Melbourne"]
[Date "1996.??.??"]
[Round "8"]
[White "Chapman, Mark"]
[Black "Solomon, Stephen J"]
[Result "0-1"]
[WhiteElo "2360"]
[BlackElo "2395"]
[PlyCount "52"]
[EventDate "1996.??.??"]
[Source "www.chesslib.no"]
[SourceDate "2004.05.04"]

1. e4 e5 2. f4 exf4 3. Nf3 g5 4. h4 g4 5. Ne5 Nf6 6. d4 d6 7. Nd3 Nxe4 8. Bxf4 Nc6 9. Nc3 Bf5 10. Be2 Nxd4 11. Nxe4 Bxe4 12. Nf2 Nxc2+ 13. Kf1 Qf6 14. Qd2 d5 15. Bg5 Qxb2 16. Rd1 Bb4 17. Bb5+ c6 18. Qe2 f5 19. Nxe4 fxe4 20. Qxg4 Rf8+ 21. Kg1 Bc5+ 22. Kh2 Qe5+ 23. g3 Rf2+ 24. Kh3 Qf5 25. Rxd5 Qxd5 26. Qh5+ Qf7 0-1

[Event "Corr"]
[Site "?"]
[Date "2002.11.15"]
[Round "?"]
[White "Muehlenweg Heinz (GER)"]
[Black "Bergamini Lorenzo (AUT)"]
[Result "1-0"]
[WhiteElo "2295"]
[BlackElo "2455"]
[PlyCount "113"]
[EventDate "2002.??.??"]
[Source "www.chesslib.no"]
[SourceDate "2004.05.04"]

1. e4 e5 2. f4 exf4 3. Nf3 g5 4. h4 g4 5. Ne5 Nf6 6. Bc4 d5 7. exd5 Bd6 8. d4 O-O 9. Bxf4 Nh5 10. g3 f6 11. Nxg4 Qe8+ 12. Kd2 Nxf4 13. gxf4 Qe4 14. Kc3 Qxf4 15. Nh2 c5 16. dxc6+ Kh8 17. Qf3 Nxc6 18. Qxf4 Bxf4 19. Nd2 b5 20. Bxb5 Nxd4 21. Bd3 Rd8 22. Nhf3 Be6 23. Nxd4 Rac8+ 24. Nc4 Be5 25. Kd2 Bxd4 26. Ne3 Bxb2 27. Rab1 Bc3+ 28. Ke2 Rc7 29. a3 Re7 30. Kf3 Bd7 31. Bb5 Bc8 32. Bc6 Bd4 33. Rhe1 h5 34. c4 Bc5 35. Rb5 Re5 36. Bd5 Bxa3 37. Nc2 Rxe1 38. Nxe1 Bd6 39. Nd3 Bc7 40. Rc5 Bg4+ 41. Kg2 Bb6 42. Rc6 Bd4 43. Be6 a5 44. c5 Kh7 45. Kg3 Be2 46. Bf5+ Kg8 47. Be6+ Kg7 48. Nf4 Be5 49. Kf2 Bd1 50. Ne2 Rb8 51. Ke3 Rb4 52. Ra6 a4 53. Kd2 Bb3 54. Bxb3 axb3 55. Rb6 Rxh4 56. Rxb3 Kg6 57. Rb5 1-0

[Event "Tarrassa"]
[Site "Tarrassa"]
[Date "1989.??.??"]
[Round "?"]
[White "Pablo Marin, Alejandro"]
[Black "Gil Gonzalez, Jose M"]
[Result "1-0"]
[WhiteElo "2390"]
[BlackElo "2360"]
[PlyCount "83"]
[EventDate "1989.03.??"]
[Source "www.chesslib.no"]
[SourceDate "2004.05.04"]

1. e4 e5 2. f4 exf4 3. Nf3 g5 4. h4 g4 5. Ne5 Nf6 6. d4 d6 7. Nd3 Nxe4 8. Bxf4 Qe7 9. Qe2 Nc6 10. c3 Bf5 11. Nd2 O-O-O 12. O-O-O Re8 13. Nxe4 Qxe4 14. Qd2 Bg7 15. h5 h6 16. Rh2 Qd5 17. Kb1 b5 18. Ka1 a5 19. g3 Be4 20. Be3 Ne7 21. Be2 Bf3 22. Nf4 Qb7 23. Qd3 Qc6 24. Rf1 Bxe2 25. Rxe2 Qc4 26. Qc2 Kb8 27. Bc1 Nd5 28. Rxe8+ Rxe8 29. Qf2 Nb6 30. Re1 Rxe1 31. Qxe1 b4 32. Kb1 bxc3 33. Qxc3 Qxd4 34. Qxd4 Bxd4 35. Ng2 Bg7 36. Ne3 Nd7 37. Nxg4 Nf6 38. Nxf6 Bxf6 39. Bxh6 Kc8 40. Bf8 Kd7 41. h6 Ke8 42. Bg7 1-0

[Event "Chicago Open"]
[Site "Chicago, IL USA"]
[Date "1993.??.??"]
[Round "3"]
[White "Martinovsky, Eugene"]
[Black "Sherzer, Alex"]
[Result "0-1"]
[WhiteElo "2280"]
[BlackElo "2465"]
[PlyCount "82"]
[EventDate "1993.??.??"]
[Source "www.chesslib.no"]
[SourceDate "2004.05.04"]

1. e4 e5 2. f4 exf4 3. Nf3 g5 4. h4 g4 5. Ne5 Nf6 6. Nxg4 Nxe4 7. d3 Ng3 8. Rh3 h5 9. Bxf4 hxg4 10. Rxg3 Qxh4 11. Qe2+ Be7 12. Nc3 d6 13. O-O-O Nc6 14. d4 Kd8 15. Re3 g3 16. Bxg3 Qg4 17. Kb1 Bg5 18. Red3 Nb4 19. Rf3 Bf5 20. Rxf5 Qxf5 21. a3 Re8 22. Qb5 Qxb5 23. Bxb5 Nc6 24. d5 a6 25. dxc6 axb5 26. cxb7 Rb8 27. Rd5 Bf6 28. Rxb5 Bxc3 29. bxc3 Kd7 30. Kc1 Re2 31. a4 Kc6 32. Rf5 Rxg2 33. Bf2 Kxb7 34. Rxf7 Rg4 35. a5 Ra4 36. Bb6 Rc8 37. Kb2 Kc6 38. Kb3 Ra1 39. Kb2 Rh1 40. Bd4 Rb8+ 41. Ka2 Rh5 0-1

[Event "Corr"]
[Site "?"]
[Date "2000.05.10"]
[Round "?"]
[White "Schmelz Thomas"]
[Black "Riha Jan (CZE)"]
[Result "1-0"]
[WhiteElo "2452"]
[BlackElo "2288"]
[PlyCount "89"]
[EventDate "2000.??.??"]
[Source "www.chesslib.no"]
[SourceDate "2004.05.04"]

1. e4 e5 2. f4 exf4 3. Nf3 g5 4. h4 g4 5. Ne5 Nf6 6. d4 d6 7. Nd3 Nxe4 8. Qe2 Qe7 9. Bxf4 Nc6 10. c3 Bf5 11. Nd2 O-O-O 12. Nxe4 Qxe4 13. Qxe4 Bxe4 14. Nf2 f5 15. Nxe4 fxe4 16. h5 Be7 17. Be2 Rhg8 18. Kd2 d5 19. Raf1 Rd7 20. Be3 Nd8 21. Rf4 Ne6 22. Rf7 Bd6 23. Rhf1 Nd8 24. Rxd7 Kxd7 25. c4 c6 26. Rf5 Ke6 27. Rg5 Rxg5 28. Bxg5 Bc7 29. Bxg4+ Kf7 30. Bf5 Ne6 31. Be3 Nf4 32. g4 h6 33. a4 Kf6 34. Bc8 b6 35. Bd7 dxc4 36. Bxc6 Kg5 37. Bxe4 Kxg4 38. Kc3 Kxh5 39. Kxc4 Kg4 40. Kb5 h5 41. Ka6 h4 42. Kxa7 h3 43. d5 Ng2 44. Kb7 Bd8 45. Bxg2 1-0

[Event "NED Team Ch 9495"]
[Site "NED"]
[Date "1994.??.??"]
[Round "5"]
[White "Welling, Gerard"]
[Black "Zagema, Wieb"]
[Result "0-1"]
[WhiteElo "2385"]
[BlackElo "2355"]
[PlyCount "64"]
[EventDate "1994.??.??"]
[Source "www.chesslib.no"]
[SourceDate "2004.05.04"]

1. e4 e5 2. f4 exf4 3. Nf3 g5 4. h4 g4 5. Ne5 Nf6 6. Bc4 d5 7. exd5 Bg7 8. d4 Nh5 9. O-O Qxh4 10. Qe1 Qxe1 11. Rxe1 O-O 12. Nc3 Nd7 13. Nb5 c5 14. c3 cxd4 15. cxd4 Nb6 16. Bb3 Bd7 17. Nc7 Rac8 18. Ne6 Rfe8 19. Ng5 f6 20. d6+ Nc4 21. Nxc4 Rxe1+ 22. Kf2 fxg5 23. Ne5+ Kf8 24. Nxd7+ Ke8 25. Kxe1 Kxd7 26. Ba4+ Kxd6 27. Bd2 Bxd4 28. Bb4+ Ke5 29. Kd2 Be3+ 30. Kd3 Rd8+ 31. Kc2 f3 32. Re1 Kf4 0-1

[Event "Brocco Open"]
[Site "Brocco"]
[Date "1991.??.??"]
[Round "2"]
[White "Campora, Daniel H"]
[Black "Giertz, Niklaus"]
[Result "1-0"]
[WhiteElo "2515"]
[BlackElo "2225"]
[PlyCount "67"]
[EventDate "1991.??.??"]
[Source "www.chesslib.no"]
[SourceDate "2004.05.04"]

1. e4 e5 2. f4 exf4 3. Nf3 g5 4. h4 g4 5. Ne5 Nf6 6. d4 d6 7. Nd3 Nxe4 8. Bxf4 h5 9. Nd2 Bf5 10. Qe2 Qe7 11. O-O-O d5 12. Nxe4 Bxe4 13. Nc5 c6 14. Nxe4 dxe4 15. Qe3 Nd7 16. g3 f5 17. Kb1 Bg7 18. Be2 Nb6 19. c4 Kf7 20. c5 Nd5 21. Bc4 Kg6 22. Bxd5 cxd5 23. Bd6 Qd8 24. Rhf1 Rh7 25. Qf4 Qf6 26. Be5 Bh6 27. Bxf6 Bxf4 28. Rxf4 Kxf6 29. Rdf1 Re8 30. Rxf5+ Kg7 31. Rxd5 e3 32. Kc2 e2 33. Rg5+ Kh8 34. Re1 1-0

[Event "Corr"]
[Site "?"]
[Date "2000.??.??"]
[Round "?"]
[White "Dearnley Andrew"]
[Black "Marin Solano Jesus"]
[Result "0-1"]
[WhiteElo "2321"]
[BlackElo "2411"]
[PlyCount "96"]
[EventDate "2000.??.??"]
[Source "www.chesslib.no"]
[SourceDate "2004.05.04"]

1. e4 e5 2. f4 exf4 3. Nf3 g5 4. h4 g4 5. Ne5 Nf6 6. Bc4 d5 7. exd5 Bd6 8. d4 O-O 9. O-O Nh5 10. Nxg4 Qxh4 11. Nh2 Ng3 12. Re1 Bf5 13. Nd2 Nd7 14. Ndf3 Qh5 15. Bd2 Rae8 16. Bb5 Rxe1+ 17. Bxe1 a6 18. Bxd7 Bxd7 19. c4 Re8 20. Bf2 Ne2+ 21. Kh1 b5 22. c5 Bf8 23. Ne5 Bf5 24. Qd2 Be4 25. Re1 Rxe5 26. dxe5 Qh3 27. Rg1 Nxg1 28. Bxg1 Bg7 29. Qe2 Bxd5 30. Qd2 Qe6 31. Qxf4 Qxe5 32. Qxe5 Bxe5 33. b3 c6 34. Nf3 Bg7 35. Kh2 a5 36. Nd4 Be5+ 37. Kh3 Kf8 38. g4 Ke7 39. g5 f6 40. Kg4 fxg5 41. Kxg5 Bf6+ 42. Kg4 Kf7 43. Kh5 b4 44. Bf2 Be4 45. Kg4 Bxd4 46. Bxd4 Bb1 47. Be5 Ke6 48. Bc7 Kd5 0-1

[Event "Bad Zwesten GER"]
[Site "?"]
[Date "2001.01.04"]
[Round "3"]
[White "Naumann Alexander"]
[Black "Richter Christian"]
[Result "1-0"]
[WhiteElo "2478"]
[BlackElo "2238"]
[PlyCount "25"]
[EventDate "2001.??.??"]
[Source "www.chesslib.no"]
[SourceDate "2004.05.04"]

1. e4 e5 2. f4 exf4 3. Nf3 g5 4. h4 g4 5. Ne5 Nf6 6. Bc4 d5 7. exd5 Bd6 8. d4 c6 9. Bxf4 cxd5 10. Bb5+ Nbd7 11. O-O Qb6 12. Nc3 h5 13. Qd2 1-0

[Event "Corr"]
[Site "?"]
[Date "2000.09.25"]
[Round "?"]
[White "Ruben Gary (CAN)"]
[Black "Piccoli Fabio Bidart (BRS)"]
[Result "1/2-1/2"]
[WhiteElo "2234"]
[BlackElo "2467"]
[PlyCount "74"]
[EventDate "2000.??.??"]
[Source "www.chesslib.no"]
[SourceDate "2004.05.04"]

1. e4 e5 2. f4 exf4 3. Nf3 g5 4. h4 g4 5. Ne5 Nf6 6. d4 d6 7. Nd3 Nxe4 8. Bxf4 Qe7 9. Qe2 Bg7 10. c3 h5 11. Nd2 Nxd2 12. Kxd2 Qxe2+ 13. Bxe2 Nc6 14. Rae1 Be6 15. Bg5 Kd7 16. Nf4 Ne7 17. Bb5+ c6 18. Bc4 d5 19. Bd3 Nc8 20. Bg6 Nd6 21. Bxh5 Ne4+ 22. Kc1 c5 23. Rhf1 Raf8 24. Nxe6 fxe6 25. Bxg4 cxd4 26. c4 Kd6 27. cxd5 Nxg5 28. hxg5 e5 29. Rxf8 Bxf8 30. Bf3 Rg8 31. Rh1 Rxg5 32. Rh7 Rf5 33. Rh4 b5 34. Kd2 a5 35. Kd3 Rf7 36. Rg4 Rf6 37. Rg8 Rf7 1/2-1/2

[Event "Sibenik"]
[Site "?"]
[Date "2006.09.30"]
[Round "9.4"]
[White "Zelic Mladen"]
[Black "Nikolac Juraj"]
[Result "0-1"]
[WhiteElo "2274"]
[BlackElo "2421"]
[PlyCount "108"]
[EventDate "2006.??.??"]
[Source "www.chesslib.no"]
[SourceDate "2004.05.04"]

1. e4 e5 2. f4 exf4 3. Nf3 g5 4. h4 g4 5. Ne5 Nf6 6. d4 d6 7. Nd3 Nxe4 8. Bxf4 Bg7 9. Nc3 Nxc3 10. bxc3 O-O 11. Qd2 Nd7 12. Bg5 Nf6 13. Be2 Qe8 14. Bxf6 Bxf6 15. O-O Bg7 16. Rae1 Qe6 17. Nf4 Qh6 18. g3 c5 19. Bc4 cxd4 20. cxd4 Bf5 21. c3 Rac8 22. Bb3 d5 23. Bxd5 b5 24. Be4 Bxe4 25. Rxe4 Rfe8 26. Rfe1 Rxe4 27. Rxe4 Qc6 28. Re3 a5 29. Qe2 Qd7 30. Re7 Qf5 31. Re8+ Rxe8 32. Qxe8+ Bf8 33. Qe2 a4 34. Qd3 Qxd3 35. Nxd3 Bd6 36. Kg2 f5 37. Nf2 Kf7 38. Nd1 Ke6 39. Ne3 h5 40. Kf2 f4 41. gxf4 Bxf4 42. Ng2 Bh6 43. Ke2 Kf5 44. Kd3 g3 45. d5 Ke5 46. c4 b4 47. Ne1 Bf8 48. Nf3+ Kf4 49. Ne1 Bd6 50. Ke2 Ke4 51. Nc2 b3 52. axb3 axb3 53. Ne1 b2 54. Nf3 Bb4 0-1

[Event "Borovetz 2003"]
[Site "?"]
[Date "2003.06.28"]
[Round "6"]
[White "Drenchev Petar"]
[Black "Karakehajov Kalin"]
[Result "1/2-1/2"]
[WhiteElo "2410"]
[BlackElo "2273"]
[PlyCount "58"]
[EventDate "2003.??.??"]
[Source "www.chesslib.no"]
[SourceDate "2004.05.04"]

1. e4 e5 2. f4 exf4 3. Nf3 g5 4. h4 g4 5. Ne5 Nf6 6. d4 d6 7. Nd3 Nxe4 8. Bxf4 Bg7 9. Nc3 Nxc3 10. bxc3 c5 11. Nf2 O-O 12. Nxg4 Re8+ 13. Kf2 cxd4 14. Bg5 Bxg4 15. Qxg4 Qc8 16. Qf3 Nc6 17. h5 Ne5 18. Qg3 Qxc3 19. Qxc3 dxc3 20. h6 Bh8 21. Rb1 b6 22. Ba6 Ng6 23. Rhd1 Re5 24. Rb5 Rxb5 25. Bxb5 Be5 26. Kf3 Rc8 27. Be3 Kf8 28. g4 Ke7 29. a4 Rc7 1/2-1/2